• 首页
  • 本馆介绍
  • 公告通知
  • 最新文献
  • 馆藏检索
  • 电子资源
  • 读者导购
  • 参考咨询
  • 我的图书馆
  • 登录
  • 详细信息显示
  • 放入我的书架
  • 预约/预借图书
  • 作者相关作品
  • 分类相关作品
  • 丛书相关作品
  • 出版社相关作品

书目信息

  • 表格格式
  • 工作单格式
  • 卡片格式
题名:
汽车4S店活动策划全案
    
 
作者: 刘军 编
分册:  
出版信息: 北京   化学工业出版社  2012
页数: 196页
开本: 26cm
丛书名:
单 册:
中图分类: F717.5
科图分类:
主题词: 汽车--专业商店--营销策划 , 汽车 , 专业商店 , 营销策划
电子资源:
ISBN: 978-7-122-13938-2
000 00908nam0 22002651 450
001 524
005 20140909100057.25
010    @a978-7-122-13938-2@dCNY48.00
100    @a20120731d2012 em y0chiy50 ea
101 0  @achi
102    @aCN@b110000
105    @ay z 000yy
106    @ar
200 1  @a汽车4S店活动策划全案@AQi Che 4SDian Huo Dong Ce Hua Quan An@f刘军等编@FLiu Jun Deng Bian
210    @a北京@c化学工业出版社@d2012
215    @a196页@d26cm
330    @a本书以汽车4S店活动策划为主,主要包括汽车4S店假日促销、车展活动、庆典活动、厂家活动、会员活动及其他活动的策划与运营等内容。此外,本书在讲解策划活动同时,附有大量实战范本,可以进行适当修改后加以运用。
606 0  @a汽车@x专业商店@x营销策划
606 0  @a汽车
606 0  @a专业商店
606 0  @a营销策划
690    @aF717.5@v5
701  0 @a刘军@ALiu Jun@4编
801  0 @aCN@bTANGWEI@c20140603
905    @b0837549-51@dF717.5@e711@f3
    
    汽车4S店活动策划全案/刘军等编.-北京:化学工业出版社,2012
    196页;26cm
    
    
    ISBN 978-7-122-13938-2:CNY48.00
    本书以汽车4S店活动策划为主,主要包括汽车4S店假日促销、车展活动、庆典活动、厂家活动、会员活动及其他活动的策划与运营等内容。此外,本书在讲解策划活动同时,附有大量实战范本,可以进行适当修改后加以运用。
●
相关链接 在E读中查询图书 在五车中查询图书 在当当中查询图书 在豆瓣中查询图书


正题名:汽车4S店活动策划全案     索取号:F717.5/711         预约/预借

序号 登录号 条形码 馆藏地/架位号 状态 备注
1 0837549   208375499   第一样本阅览室/ [索取号:F717.5/711] 在馆    
2 0837550   208375505   第一借阅区/ [索取号:F717.5/711] 在馆    
3 0837551   208375514   密集书库-海洋学院/ [索取号:F717.5/711] 在馆    
唐山师范学院图书馆 欢迎您!
大连网信软件有限公司© 版权所有